000 00458cam a2200193ua 4500
020 _c1
041 _amal
_h
082 _a894.812 308
_bMOP/KV
100 _aMoppasang, .
245 _aKurukkan Kottayile Meyar /
_cMoppasang.
_hTextual Documents
250 _a1 /
_b.
260 _a :
_bSree Narasimha Vilasam Book Depot ,
_c1960.
300 _a73 ; .
365 _a1
504 _a
942 _cBK
999 _c3926
_d3926